000
00318nam a22001457a 4500
008
230912b ||||| |||| 00| 0 eng d
020
_a
3540504125
041
_a
eng
080
_a
521
082
_a
521KLA
100
_a
19
101
_a
ASTRO
245
_a
REVIEWES IN MODERN ASTRONOMY
_c
KLARE.G
942
_2
udc
_c
BK
999
_c
60324
_d
60324